[Event "POL-ch Rapid U18"]
[Site "Bydgoszcz"]
[Date "2023.08.29"]
[Round "3"]
[White "Kiszkiel, Oskar"]
[Black "Obrycki, Tomasz"]
[Result "0-1"]
[WhiteElo "1401"]
[BlackElo "1777"]
[PlyCount "152"]
[EventDate "2023.08.28"]
[EventType "swiss"]
[EventRounds "11"]
[EventCountry "POL"]
[SourceTitle "EXT 2024"]
[Source "ChessBase"]
[SourceDate "2023.10.10"]
[SourceVersion "1"]
[SourceVersionDate "2023.10.10"]
[SourceQuality "1"]

1. Nf3 Nf6 2. g3 b6 3. Bg2 Bb7 4. 0-0 e6 5. e3 Be7 6. b3 0-0 7. Bb2 d5 8. d3 Nbd7 9. Nbd2 c5 10. c4 Qc7 11. d4 dxc4 12. bxc4 Ne4 13. Rc1 Rfd8 14. Qc2 Nxd2 15. Nxd2 Bxg2 16. Kxg2 cxd4 17. exd4 Rac8 18. Rfd1 Nb8 19. a3 Nc6 20. d5 exd5 21. cxd5 Rxd5 22. Nf3 Rxd1 23. Qxd1 Bc5 24. Qd5 Qd8 25. Qh5 f6 26. Qg4 Kh8 27. Rd1 Qf8 28. Rd7 Rd8 29. Nh4 Rxd7 30. Qxd7 Ne7 31. Qxa7 Qd8 32. Nf3 Kg8 33. Qa4 Kf7 34. Qf4 Nd5 35. Qc4 Kf8 36. Bd4 Bxa3 37. Bc3 Qd7 38. Nd4 Bc5 39. Nb5 Qc6 40. Kf1 Nxc3 41. Nxc3 Qf3 42. Ne4 Qd1+ 43. Kg2 Qd4 44. Qxd4 Bxd4 45. Nd6 Bc5 46. Nb5 Ke7 47. f4 Kd7 48. Kf3 Kc6 49. Nc3 b5 50. g4 b4 51. Nd1 b3 52. Ke4 Bd6 53. h4 Kb5 54. g5 Ka4 55. Kf5 fxg5 56. hxg5 Ka3 57. Ke6 Bxf4 58. Kf7 Bxg5 59. Kxg7 h5 60. Kg6 h4 61. Kxg5 h3 62. Kg4 h2 63. Nf2 b2 64. Kg3 b1Q 65. Kxh2 Qg6 66. Nh1 Kb3 67. Ng3 Kc3 68. Kg2 Kd3 69. Kf2 Qg4 70. Nf1 Qe2+ 71. Kg1 Qb2 72. Nh2 Ke3 73. Nf1+ Kf3 74. Nh2+ Kg3 75. Nf1+ Kh3 76. Ne3 Qe2 0-1

[Event "POL-ch U10"]
[Site "Jastrzebia Gora"]
[Date "2021.??.??"]
[Round "3"]
[White "Obrycki, Tomasz"]
[Black "Jankowiak, Tymon"]
[Result "1-0"]
[WhiteElo "1374"]
[BlackElo "1081"]
[PlyCount "100"]
[EventDate "2021.02.28"]
[EventType "swiss"]
[EventRounds "9"]
[EventCountry "POL"]
[SourceTitle "EXT 2022"]
[Source "ChessBase"]
[SourceDate "2021.10.06"]
[SourceVersion "1"]
[SourceVersionDate "2021.10.06"]
[SourceQuality "1"]

1. e4 e5 2. Nf3 Nf6 3. Nc3 Bb4 4. Nxe5 0-0 5. Be2 Re8 6. Nf3 Bxc3 7. dxc3 Nxe4 8. 0-0 d5 9. Bd3 Bg4 10. c4 c6 11. cxd5 cxd5 12. Bb5 Nc6 13. Be3 a6 14. Be2 Rc8 15. c3 Na5 16. Nd4 Bxe2 17. Qxe2 Nc4 18. Qg4 Nxe3 19. fxe3 Qg5 20. Qxg5 Nxg5 21. Rf5 h6 22. h4 Nh7 23. Rxd5 Rxe3 24. Rd7 Re4 25. g3 b5 26. a3 Rce8 27. Kf2 Nf6 28. Ra7 Ng4+ 29. Kf3 Ne5+ 30. Kxe4 Nc6+ 31. Kd5 Nxa7 32. Kc5 Re3 33. Kb6 Nc8+ 34. Kxa6 Rxg3 35. Kxb5 Rg2 36. b3 Rg3 37. Kb4 Rh3 38. a4 Rxh4 39. a5 Rh2 40. a6 h5 41. c4 h4 42. c5 h3 43. c6 Rg2 44. a7 Nxa7 45. Rxa7 h2 46. Ra1 Rg1 47. c7 h1Q 48. c8Q+ Kh7 49. Ra8 Kg6 50. Qf5+ Kh6 1-0

[Event "EU Union-ch U10"]
[Site "Kouty nad Desnou"]
[Date "2020.08.17"]
[Round "4"]
[White "Wolff, Calvin"]
[Black "Obrycki, Tomasz"]
[Result "0-1"]
[WhiteElo "1123"]
[BlackElo "1187"]
[PlyCount "84"]
[EventDate "2020.08.14"]
[EventType "swiss"]
[EventRounds "9"]
[EventCountry "CZE"]
[SourceTitle "EXT 2021"]
[Source "ChessBase"]
[SourceDate "2020.10.23"]
[SourceVersion "1"]
[SourceVersionDate "2020.10.23"]
[SourceQuality "1"]

1. d4 Nf6 2. c4 g6 3. Nc3 Bg7 4. Bf4 d6 5. Nf3 0-0 6. e3 Re8 7. Be2 Nbd7 8. 0-0 h6 9. d5 Nh5 10. Nb5 Nxf4 11. exf4 Bxb2 12. Rb1 Bg7 13. Nbd4 Nc5 14. Bd3 Bg4 15. Qc2 Qd7 16. Rfe1 c6 17. Be2 Rac8 18. dxc6 bxc6 19. Bf1 e6 20. h3 Bxf3 21. Nxf3 a6 22. Red1 d5 23. g4 Qc7 24. Rbc1 Qxf4 25. Bg2 Qd6 26. Nd2 d4 27. Ne4 Nxe4 28. Qxe4 c5 29. Rb1 Rb8 30. Qf3 e5 31. Rb7 Rxb7 32. Qxb7 Rb8 33. Qa7 Rb2 34. Bd5 Qf6 35. Rf1 Bf8 36. Qd7 Rxa2 37. Qb7 Kg7 38. Qb3 Rd2 39. Qa3 Qf4 40. Qa5 e4 41. Bxe4 Bd6 42. Re1 Qxf2+ 0-1

[Event "EU-ch U08"]
[Site "Bratislava"]
[Date "2019.08.09"]
[Round "8"]
[White "Obrycki, Tomasz"]
[Black "Cirkovic, Vuk"]
[Result "1-0"]
[WhiteElo "1190"]
[BlackElo "1282"]
[PlyCount "103"]
[EventDate "2019.08.02"]
[EventType "swiss"]
[EventRounds "9"]
[EventCountry "SVK"]
[SourceTitle "EXT 2020"]
[Source "ChessBase"]
[SourceDate "2019.10.17"]
[SourceVersion "1"]
[SourceVersionDate "2019.10.17"]
[SourceQuality "1"]

1. e4 c5 2. c4 e6 3. Nc3 b6 4. g3 Bb7 5. Bg2 d6 6. Nge2 Nf6 7. d3 Nbd7 8. 0-0 Be7 9. Bg5 0-0 10. Rb1 a6 11. a3 Rc8 12. b4 Re8 13. f4 h6 14. Bh4 Qc7 15. Qd2 Qc6 16. Rfc1 Ba8 17. b5 axb5 18. Nxb5 Qb7 19. Nec3 Red8 20. e5 Rc6 21. exf6 Nxf6 22. h3 d5 23. Bxf6 Bxf6 24. cxd5 exd5 25. Bxd5 Rxd5 26. Nxd5 Re6 27. Nbc7 Bd4+ 28. Kh2 Be3 29. Nxe3 Rxe3 30. Nxa8 Qf3 31. Re1 Qxg3+ 32. Kh1 Qxh3+ 33. Qh2 Qf3+ 34. Qg2 Qh5+ 35. Kg1 Rf3 36. Re5 f5 37. Rxf5 Qxf5 38. Qxf3 Qg6+ 39. Kf2 c4 40. Qd5+ Kh8 41. Rg1 Qf6 42. Ke3 Qe7+ 43. Qe5 Qxe5+ 44. fxe5 c3 45. e6 c2 46. e7 c1Q+ 47. Rxc1 Kh7 48. Rg1 g5 49. e8Q b5 50. Qf7+ Kh8 51. Rh1 b4 52. Rxh6# 1-0